00706 a2200145 4500003000500000005001700005040000900022082001400031100002100045245005600066260002900122300001100151505037000162650002800532NUST20221229170801.0 cNust a356.1,ATT aM.Attiqur Rahman aReflections on infantry /cLt Gen M. Attiqur Rahman aKarachibWajidalisc1978 a95 p.; aIntroduction (Page-1), Basic Infantry Postulates and Characteristics (Page-9), Future Infantry Tactics- The Attack and the Defence (Page-28), One Tactical Policy (Page-37), Human Nature and Soldier (Page-46), The Spirit of the Infantry (Page-57), Discipline-A Look Into the Future (Page-67), Training for our Future Infantry (Page-78), Infantry Reforms (Page-90).  aReflections on infantry